000 00689nam a2200289Ia 4500
005 20260324131810.0
008 008 260324s9999 xx 000 0 eng d
020 _a9780203001301
037 _aEBOOK
040 _aCRL
040 _beng
040 _cCRL
041 _2eng
041 _aeng
084 _qCRL
100 _aSusan Budd; Richard Rusbridger
_91186868
245 0 _aIntroducing Psychoanalysis
245 0 _bEssential Themes and Topics
260 _bTaylor and Francis
260 _c2005
365 _a
365 _b255
856 _uhttp://www.taylorfrancis.com/books/9780203001301
942 _cEBOOK
999 _c1784371
_d1784371